[Event "Championnat de France - Open D"]
[Site "Belfort"]
[Date "2010.08.10"]
[Round "1.2"]
[White "Wild, Christophe"]
[Black "Rambeaux, Solene"]
[Result "0-1"]
[WhiteElo "1390"]
[BlackElo "1500"]
[PlyCount "102"]
[EventDate "2010.??.??"]

1. e4 c5 2. Nf3 d6 3. Nc3 Nf6 4. d3 g6 5. Be2 Bg7 6. O-O O-O 7. Bd2 Nc6 8. a3
Bd7 9. Rb1 a5 10. Ne1 Ne5 11. f4 Neg4 12. h3 Nxe4 13. dxe4 Bd4+ 14. Kh1 Nf2+
15. Rxf2 Bxf2 16. Nd3 Bg3 17. Qf1 e5 18. fxe5 dxe5 19. Nxc5 Qe7 20. Nxd7 Qxd7
21. Rd1 Qe7 22. Nd5 Qh4 23. Bd3 Kh8 24. Qf6+ Qxf6 25. Nxf6 Kg7 26. Nd5 Bf2 27.
Rf1 Bd4 28. c3 Bc5 29. Bc4 f5 30. exf5 Rxf5 31. Rxf5 gxf5 32. Be3 Bxe3 33. Nxe3
f4 34. Ng4 e4 35. Bd5 e3 36. Bf3 Re8 37. Be2 h5 38. Nh2 Rd8 39. Kg1 Rd2 40. Kf1
Rxb2 41. Bc4 Rf2+ 42. Kg1 Rd2 43. Kf1 Rf2+ 44. Kg1 Kf6 45. Nf3 Ke7 46. Bb5 Kd6
47. a4 Ke6 48. Be8 Kd5 49. Bf7+ Ke4 50. Bxh5 Kd3 51. g3 fxg3 0-1

[Event "Championnat de France - Open D"]
[Site "Belfort"]
[Date "2010.08.10"]
[Round "1.3"]
[White "Fissore, Alexis"]
[Black "Legrand, Vincent"]
[Result "1-0"]
[WhiteElo "1499"]
[BlackElo "1387"]
[PlyCount "99"]
[EventDate "2010.??.??"]

1. e4 e5 2. Nf3 Nc6 3. d4 exd4 4. Bc4 Bc5 5. c3 Nf6 6. cxd4 Bb4+ 7. Bd2 O-O 8.
Bxb4 Nxb4 9. Nc3 d5 10. exd5 Nfxd5 11. O-O Nb6 12. Qb3 Nxc4 13. Qxc4 Nc6 14.
Rfe1 Be6 15. d5 Na5 16. Qb4 c6 17. dxc6 bxc6 18. Qc5 Qc7 19. Nb5 Qb6 20. Qxb6
axb6 21. Nc7 Rac8 22. Nxe6 fxe6 23. Rxe6 Nc4 24. b3 Na3 25. Rc1 Rfd8 26. Rce1
Nc2 27. Rc1 Nd4 28. Nxd4 Rxd4 29. Rce1 Kf8 30. f3 Rd2 31. R6e2 Rd5 32. Re7 Ra5
33. Rb7 Rxa2 34. Ree7 Rd8 35. Rf7+ Kg8 36. Rxg7+ Kf8 37. Rgf7+ Kg8 38. Rbd7
Rxd7 39. Rxd7 Rb2 40. Rd3 h5 41. Rd6 Rxb3 42. Rxc6 h4 43. Rh6 Rb1+ 44. Kf2 Rb2+
45. Ke3 Rxg2 46. Rxh4 b5 47. Rg4+ Rxg4 48. fxg4 Kf7 49. h4 Kf6 50. h5 1-0

[Event "Championnat de France - Open D"]
[Site "Belfort"]
[Date "2010.08.10"]
[Round "1.4"]
[White "Roman, Sylvian"]
[Black "Francois-Haugrin, Eulalie"]
[Result "1-0"]
[WhiteElo "1386"]
[BlackElo "1499"]
[PlyCount "47"]
[EventDate "2010.??.??"]

1. e4 e5 2. Nf3 f6 3. Nxe5 fxe5 4. Qh5+ g6 5. Qxe5+ Ne7 6. Qxh8 Nbc6 7. Bc4 d5
8. exd5 Nf5 9. dxc6 Qe7+ 10. Be2 bxc6 11. Qc3 Ba6 12. Qxc6+ Kf7 13. Qxa6 Nh4
14. Qc4+ Ke8 15. Qc6+ Kf7 16. Qxa8 Nxg2+ 17. Qxg2 Qf6 18. Nc3 h5 19. Qf3 Ke7
20. Nd5+ Ke6 21. Qxf6+ Kxd5 22. Bf3+ Kc5 23. Qc6+ Kd4 24. Qd5# 1-0

[Event "Championnat de France - Open D"]
[Site "Belfort"]
[Date "2010.08.10"]
[Round "1.5"]
[White "Infanti, Christophe"]
[Black "Delzant, Pierre-Richard"]
[Result "1-0"]
[WhiteElo "1499"]
[BlackElo "1380"]
[PlyCount "77"]
[EventDate "2010.??.??"]

1. e4 e6 2. d4 d5 3. e5 c5 4. c3 Nc6 5. Nf3 cxd4 6. cxd4 Bb4+ 7. Nc3 a6 8. a3
Ba5 9. b4 Bb6 10. Be2 Qc7 11. O-O Nxd4 12. Nxd4 Qxc3 13. Be3 Bxd4 14. Bxd4 Qc7
15. Rc1 Qd8 16. Rc3 Ne7 17. f4 O-O 18. Rh3 g6 19. Bg4 Bd7 20. Qe1 Nc6 21. Bc5
Re8 22. Qg3 Kg7 23. Rh4 Rh8 24. Bh5 Ne7 25. Bxe7 Qxe7 26. Bg4 Rac8 27. f5 exf5
28. Bxf5 Rhe8 29. Bxd7 Qxd7 30. Qg5 Qe7 31. Qh6+ Kg8 32. Rhf4 Rf8 33. Rf6 b5
34. e6 d4 35. exf7+ Rxf7 36. Rxf7 Qe3+ 37. Qxe3 dxe3 38. Rf8+ Kg7 39. R1f7+ 1-0

[Event "Championnat de France - Open D"]
[Site "Belfort"]
[Date "2010.08.10"]
[Round "1.6"]
[White "Jardin, Antoine"]
[Black "Pierson, Jean"]
[Result "1-0"]
[WhiteElo "1370"]
[BlackElo "1499"]
[PlyCount "75"]
[EventDate "2010.??.??"]

1. e4 e5 2. Nf3 Nc6 3. Bc4 Nd4 4. c3 h6 5. cxd4 exd4 6. Nxd4 Bc5 7. Nb3 b6 8.
d4 Bd6 9. Nc3 Bb7 10. Be3 Ne7 11. Qd3 O-O 12. f3 Ng6 13. g3 Re8 14. O-O-O a6
15. Rdg1 Rc8 16. Bxa6 Bxa6 17. Qxa6 Ra8 18. Qd3 Qb8 19. a3 c6 20. f4 Qb7 21. e5
Bc7 22. h4 Ne7 23. h5 d6 24. g4 dxe5 25. dxe5 Red8 26. Qe4 Rab8 27. g5 c5 28.
Qc2 c4 29. Nd2 b5 30. gxh6 g6 31. hxg6 fxg6 32. f5 Bxe5 33. fxg6 Kh8 34. g7+
Bxg7 35. hxg7+ Kg8 36. Bc5 Nc6 37. Rh8+ Kf7 38. Qf5# 1-0

[Event "Championnat de France - Open D"]
[Site "Belfort"]
[Date "2010.08.10"]
[Round "1.7"]
[White "Terrier, Mathieu"]
[Black "Kron, Eliot"]
[Result "1/2-1/2"]
[WhiteElo "1499"]
[BlackElo "1370"]
[PlyCount "63"]
[EventDate "2010.??.??"]

1. e4 e6 2. d4 d5 3. exd5 exd5 4. Nf3 Nf6 5. Nc3 c6 6. Bd3 Bg4 7. O-O Be7 8. h3
Bh5 9. Re1 O-O 10. Bf4 Re8 11. Nb1 Qb6 12. b3 Bxf3 13. Qxf3 Qxd4 14. Be5 Qh4
15. Bxf6 Qxf6 16. Qxf6 gxf6 17. Nd2 Nd7 18. a3 Ne5 19. Bf5 Bc5 20. Kf1 Bd4 21.
Rab1 Bc3 22. Re2 Ng6 23. Rxe8+ Rxe8 24. Nf3 d4 25. Rd1 c5 26. b4 b6 27. Rb1 Ne5
28. bxc5 Nxf3 29. gxf3 Re5 30. Bd3 Rxc5 31. Rb5 Rxb5 32. Bxb5 1/2-1/2

[Event "Championnat de France - Open D"]
[Site "Belfort"]
[Date "2010.08.10"]
[Round "1.8"]
[White "Stritmatter, Pierre"]
[Black "Mesas, Michel"]
[Result "1-0"]
[WhiteElo "1370"]
[BlackElo "1490"]
[PlyCount "77"]
[EventDate "2010.??.??"]

1. e4 Nf6 2. e5 Nd5 3. c4 Nb6 4. Nc3 d6 5. d4 dxe5 6. dxe5 Qxd1+ 7. Nxd1 Nc6 8.
Bf4 g6 9. h3 Bg7 10. Nf3 Nb4 11. Nd4 O-O 12. a3 Na6 13. Nc3 c5 14. Nf3 Nd7 15.
Bd3 b6 16. O-O Bb7 17. Be4 Bxe4 18. Nxe4 Rad8 19. Rad1 Ndb8 20. Rd3 e6 21. Rd6
Rxd6 22. exd6 Bxb2 23. Bc1 Bg7 24. Rd1 Rd8 25. Bg5 Rd7 26. Bf6 Nc6 27. g4 Nab8
28. h4 a6 29. h5 Na5 30. Ne5 Ra7 31. Rb1 Nd7 32. Nxd7 Rxd7 33. Rxb6 Nxc4 34.
Rb8+ Bf8 35. Be7 f5 36. Nf6+ Kf7 37. Rxf8+ Kg7 38. Nxd7 Nxa3 39. Nxc5 1-0

[Event "Championnat de France - Open D"]
[Site "Belfort"]
[Date "2010.08.10"]
[Round "1.9"]
[White "Roux, Jean-Marie"]
[Black "Lanz, Frederic"]
[Result "1-0"]
[WhiteElo "1490"]
[BlackElo "1360"]
[PlyCount "63"]
[EventDate "2010.??.??"]

1. e4 e6 2. d4 d5 3. exd5 exd5 4. Nf3 Nc6 5. Nc3 Nf6 6. Bd3 g6 7. Bf4 Nh5 8.
Be3 Bg7 9. Qd2 h6 10. h3 Nf6 11. g4 Nb4 12. O-O-O b6 13. Kb1 Nd7 14. Rhe1 Nxd3
15. cxd3 Nf6 16. Qc1 Be6 17. Nb5 c5 18. dxc5 Nd7 19. c6 Rc8 20. Nd6+ Kf8 21.
Nxc8 Qxc8 22. cxd7 Qxd7 23. Bd4 f6 24. Re2 Kf7 25. Rde1 Rc8 26. Qd2 Rc6 27. Nh2
Bf8 28. f3 a5 29. h4 Bb4 30. Qxh6 Qd6 31. Qh7+ Kf8 32. Qh8+ 1-0

[Event "Championnat de France - Open D"]
[Site "Belfort"]
[Date "2010.08.10"]
[Round "1.10"]
[White "Galy, Christian"]
[Black "Marquet, Didier"]
[Result "0-1"]
[WhiteElo "1350"]
[BlackElo "1488"]
[PlyCount "90"]
[EventDate "2010.??.??"]

1. d4 d5 2. e3 c6 3. Bd3 g6 4. c3 Nf6 5. f4 Bg7 6. Nf3 Nbd7 7. Nbd2 O-O 8. e4
dxe4 9. Nxe4 Nxe4 10. Bxe4 Nf6 11. Bd3 Re8 12. O-O b5 13. Qc2 e6 14. f5 exf5
15. Bg5 Be6 16. Rfe1 Qb6 17. b3 Bd5 18. Qf2 Ne4 19. Qh4 c5 20. Bxe4 Bxe4 21.
Bh6 Bxf3 22. Bxg7 Kxg7 23. gxf3 cxd4 24. Qxd4+ Qxd4+ 25. cxd4 Kf8 26. d5 Rad8
27. Rxe8+ Kxe8 28. Rd1 Rd6 29. b4 Ke7 30. f4 Kf6 31. h4 h6 32. Kg2 Ke7 33. Kf3
Kd7 34. Ke3 Ra6 35. Kd4 Kd6 36. Rc1 Rxa2 37. Rc6+ Kd7 38. Ke5 Ra4 39. Rf6 Ke8
40. d6 Rxb4 41. Kd5 Rxf4 42. Kc6 a6 43. h5 Rg4 44. hxg6 Rxg6 45. d7+ Kd8 0-1

[Event "Championnat de France - Open D"]
[Site "Belfort - SNPHHUATVS"]
[Date "2010.08.11"]
[Round "2.1"]
[White "Rambeaux, Solene"]
[Black "Doucet, Claude"]
[Result "1-0"]
[WhiteElo "1500"]
[BlackElo "1422"]
[PlyCount "59"]

1. d4 Nf6 2. c4 e6 3. Nf3 b6 4. g3 Bb7 5. Bg2 Be7 6. O-O O-O 7. Nc3 Nc6 8. Bg5
h6 9. Bf4 Rc8 10. Qd2 d5 11. b3 Qd7 12. Nh4 g5 13. Bxg5 hxg5 14. Qxg5+ Kh8 15.
Qh6+ Nh7 16. cxd5 exd5 17. Nxd5 Bg5 18. Qh5 Nxd4 19. Be4 f5 20. Ng6+ Kg8 21.
Nf6+ Bxf6 22. Bxb7 Rb8 23. Ba6 Rfd8 24. Bc4+ Ne6 25. Rad1 Qe8 26. Rxd8 Rxd8 27.
e4 fxe4 28. Rd1 Kg7 29. Rxd8 Bxd8 30. Qe5+ 1-0

[Event "Championnat de France - Open D"]
[Site "Belfort - SNPHHUATVS"]
[Date "2010.08.11"]
[Round "2.2"]
[White "Lemanchec, Olivier"]
[Black "Fissore, Alexis"]
[Result "0-1"]
[WhiteElo "1425"]
[BlackElo "1499"]
[PlyCount "92"]

1. Nf3 c5 2. c4 Nc6 3. Nc3 g6 4. d4 cxd4 5. Nxd4 Bg7 6. Nxc6 bxc6 7. g3 Nf6 8.
Bg2 O-O 9. Bf4 Ba6 10. c5 Qa5 11. O-O Qxc5 12. Be3 Qa5 13. a3 Qd8 14. Qa4 Bb7
15. Rfd1 d5 16. Qh4 e5 17. Bh6 Nd7 18. Qxd8 Raxd8 19. Bxg7 Kxg7 20. e4 d4 21.
Na4 c5 22. Rdc1 c4 23. Rd1 Ba6 24. Bf1 Rc8 25. b4 Bb5 26. Nb2 Nb6 27. Rdc1 Rfd8
28. a4 d3 29. Nxd3 cxd3 30. Rxc8 Rxc8 31. axb5 d2 32. Rd1 Rc2 33. Kg2 Na4 34.
Bd3 Rb2 35. b6 axb6 36. Kf3 Nc3 37. Be2 Nxd1 38. Bxd1 Rxb4 39. Ke3 Rd4 40. f4
f6 41. h4 b5 42. g4 b4 43. Ke2 Rxe4+ 44. Kxd2 Rxf4 45. Ke3 Rd4 46. Bb3 Rxg4 0-1

[Event "Championnat de France - Open D"]
[Site "Belfort - SNPHHUATVS"]
[Date "2010.08.11"]
[Round "2.3"]
[White "Wozniak, Emeline"]
[Black "Infanti, Christophe"]
[Result "1-0"]
[WhiteElo "1420"]
[BlackElo "1499"]
[PlyCount "25"]

1. e4 e5 2. Bc4 Bc5 3. Nc3 Nf6 4. d3 Nc6 5. Nf3 d6 6. Ng5 O-O 7. f4 Ng4 8. h3
Nf2 9. Qh5 h6 10. Nxf7 Qf6 11. Nxh6+ Kh7 12. Nf7+ Kg8 13. Qh8# 1-0

[Event "Championnat de France - Open D"]
[Site "Belfort - SNPHHUATVS"]
[Date "2010.08.11"]
[Round "2.6"]
[White "Dalicieux, Amandine"]
[Black "Gobbe, David"]
[Result "0-1"]
[WhiteElo "1410"]
[BlackElo "1480"]
[PlyCount "62"]

1. e4 e6 2. d4 d5 3. exd5 exd5 4. c4 Nf6 5. Nc3 c6 6. Nf3 Bg4 7. Be2 Be7 8. O-O
O-O 9. Re1 Bb4 10. Qd3 Nbd7 11. a3 Ba5 12. b4 dxc4 13. Qxc4 Bc7 14. Bb2 Nb6 15.
Qd3 Qd6 16. Rad1 Bxf3 17. g3 Bxe2 18. Rxe2 Rae8 19. Rde1 Rxe2 20. Rxe2 Re8 21.
Ne4 Nxe4 22. Rxe4 Rxe4 23. Qxe4 Qe6 24. Qh4 Nd5 25. Bc1 Qe1+ 26. Kg2 Qxc1 27.
Qe4 g6 28. Qe8+ Kg7 29. b5 cxb5 30. Qxb5 Qc6 31. Qb3 Nf4+ 0-1

[Event "Championnat de France - Open D"]
[Site "Belfort - SNPHHUATVS"]
[Date "2010.08.11"]
[Round "2.7"]
[White "Minot, Barbara"]
[Black "Sauvage, Thierry"]
[Result "0-1"]
[WhiteElo "1406"]
[BlackElo "1466"]
[PlyCount "118"]

1. f4 c6 2. Nf3 d5 3. e3 Bg4 4. Be2 Bxf3 5. Bxf3 Nf6 6. d3 Qc7 7. O-O g6 8. c3
Bg7 9. Na3 O-O 10. Nc2 Nbd7 11. Rb1 e5 12. Bg4 Nxg4 13. Qxg4 f5 14. Qh3 e4 15.
Ne1 Nc5 16. d4 Ne6 17. Bd2 c5 18. Rc1 Qa5 19. a3 cxd4 20. g4 d3 21. Ng2 Qb5 22.
b4 a5 23. Nh4 fxg4 24. Qxg4 Qe8 25. b5 Kh8 26. a4 Nd8 27. f5 gxf5 28. Nxf5 Qg6
29. Qxg6 hxg6 30. Ne7 Rxf1+ 31. Rxf1 Kh7 32. Nxd5 Ne6 33. Rf7 Ng5 34. Nf6+ Kh8
35. Rxb7 Nf3+ 36. Kf2 Bxf6 37. c4 Bh4+ 38. Kg2 Nxd2 39. c5 Bd8 40. Kf2 Nc4 41.
Ke1 Nb2 42. Rd7 Nxa4 43. c6 Nb6 44. Rd4 a4 45. Rxe4 a3 46. Kd2 a2 47. Kxd3 a1=Q
48. Re8+ Kg7 49. c7 Qd1+ 50. Ke4 Qc2+ 51. Kf3 Qxc7 52. Re4 Qxh2 53. Rd4 Qh3+
54. Ke2 Ra2+ 55. Kd3 Qf5+ 56. Re4 Qxb5+ 57. Kc3 Nd5+ 58. Kd4 Bf6+ 59. Re5 Ra4#
0-1

[Event "Championnat de France - Open D"]
[Site "Belfort - SNPHHUATVS"]
[Date "2010.08.11"]
[Round "2.8"]
[White "Leglise, Michel"]
[Black "Arthus, Dany-Yolene"]
[Result "1-0"]
[WhiteElo "1460"]
[BlackElo "1400"]
[PlyCount "92"]

1. e4 g6 2. d4 Bg7 3. Bc4 Nf6 4. e5 Ne4 5. f3 e6 6. fxe4 Qh4+ 7. Kf1 Qxe4 8.
Nc3 Qf5+ 9. Nf3 h6 10. h3 Nc6 11. Bd3 Qxf3+ 12. gxf3 Nxd4 13. f4 b6 14. Be4 Rb8
15. Qxd4 c6 16. Qd6 Ba6+ 17. Kf2 Rd8 18. Qa3 Bb7 19. Qxa7 O-O 20. Qxb7 d5 21.
Bd3 Rfe8 22. Qxc6 Bf8 23. Bb5 Bc5+ 24. Kf3 Rf8 25. Ba4 Rc8 26. Qb5 f6 27. Qd7
fxe5 28. Qxe6+ Kg7 29. Qxe5+ Kf7 30. Qxd5+ Kg7 31. h4 Rcd8 32. Qe5+ Rf6 33.
Qe7+ Rf7 34. Qxd8 Be7 35. Qxb6 Bf6 36. Rg1 h5 37. Nd5 Rf8 38. Nxf6 Rxf6 39.
Qxf6+ Kxf6 40. Be3 g5 41. hxg5+ Kg6 42. Be8+ Kf5 43. g6 Kf6 44. Rad1 Kg7 45.
Rd7+ Kf8 46. Bf7 h4 1-0

[Event "Championnat de France - Open D"]
[Site "Belfort - SNPHHUATVS"]
[Date "2010.08.11"]
[Round "2.9"]
[White "Benezra, David"]
[Black "Santacreu, Antoine"]
[Result "0-1"]
[WhiteElo "1400"]
[BlackElo "1460"]
[PlyCount "54"]

1. e4 e5 2. Nf3 Nc6 3. d4 exd4 4. Nxd4 Bc5 5. Nb3 Bb6 6. Nc3 Nf6 7. Qe2 d6 8.
Be3 Bxe3 9. Qxe3 O-O 10. O-O-O Re8 11. f3 Be6 12. g4 a5 13. h4 a4 14. Nd4 d5
15. Nxe6 Rxe6 16. Nxd5 Nxd5 17. Rxd5 Qxd5 18. exd5 Rxe3 19. dxc6 bxc6 20. Bg2
Rae8 21. f4 Re1+ 22. Rxe1 Rxe1+ 23. Kd2 Rg1 24. Bf3 Ra1 25. a3 Rf1 26. Bxc6
Rxf4 27. Bd7 Rd4+ 0-1

[Event "Championnat de France - Open D"]
[Site "Belfort - SNPHHUATVS"]
[Date "2010.08.11"]
[Round "2.10"]
[White "Hatrel, Arnaud"]
[Black "Gehin, Raphael"]
[Result "1-0"]
[WhiteElo "1455"]
[BlackElo "1400"]
[PlyCount "69"]

1. e4 Nc6 2. Nf3 e6 3. Nc3 b6 4. d4 Bb4 5. Bd2 Bb7 6. d5 exd5 7. exd5 Nce7 8.
Bc4 Nf6 9. Qe2 O-O 10. O-O-O Re8 11. d6 Nf5 12. Qd3 Nxd6 13. Nd5 Bxd2+ 14. Rxd2
Nfe4 15. Re2 Nxc4 16. Qxc4 Bxd5 17. Qxd5 Nf6 18. Qc4 d5 19. Qd3 Qd6 20. Rhe1
Rxe2 21. Rxe2 Ne4 22. a3 Qh6+ 23. Kb1 Qd6 24. Qa6 Nc5 25. Qb5 a6 26. Re8+ Rxe8
27. Qxe8+ Qf8 28. Qc6 Qd8 29. b4 Ne4 30. Ne5 Nf6 31. Qb7 a5 32. bxa5 bxa5 33.
Nc6 Qd6 34. Qc8+ Qf8 35. Ne7+ 1-0

[Event "Championnat de France - Open D"]
[Site "Belfort - SNPHHUATVS"]
[Date "2010.08.12"]
[Round "3.1"]
[White "Vasilescu, Viorica"]
[Black "Rambeaux, Solene"]
[Result "0-1"]
[WhiteElo "1428"]
[BlackElo "1500"]
[PlyCount "98"]

1. c4 Nf6 2. Nc3 g6 3. Nf3 Bg7 4. g3 O-O 5. Bg2 d6 6. d3 Nc6 7. O-O Bg4 8. a3
a5 9. Rb1 Nb8 10. Bd2 Nbd7 11. b4 axb4 12. axb4 c6 13. h3 Bf5 14. Nd4 e6 15.
Nxf5 exf5 16. Bf4 Ne5 17. Bxe5 dxe5 18. Qc2 Qd7 19. b5 f4 20. bxc6 bxc6 21. Ne4
Nxe4 22. dxe4 fxg3 23. fxg3 Qa7+ 24. Kh2 Rab8 25. c5 Rxb1 26. Rxb1 Rb8 27. Rd1
Bf8 28. Rc1 Rb5 29. Qd3 Rxc5 30. Rxc5 Qxc5 31. Qd8 Qf2 32. Qe8 c5 33. Qxe5 c4
34. Qb2 Bd6 35. e5 Bc5 36. Qc1 Qxe2 37. h4 Bd4 38. Qf1 Qb2 39. Qxc4 Bxe5 40.
Qc8+ Kg7 41. Kh3 Qb3 42. Qg4 h5 43. Qf3 Qb2 44. g4 hxg4+ 45. Qxg4 Qc3+ 46. Qf3
Qc8+ 47. Qg4 f5 48. Qf3 g5 49. hxg5 Qh8+ 0-1

[Event "Championnat de France - Open D"]
[Site "Belfort - SNPHHUATVS"]
[Date "2010.08.12"]
[Round "3.2"]
[White "Fissore, Alexis"]
[Black "Doucet, Martine"]
[Result "1-0"]
[WhiteElo "1499"]
[BlackElo "1430"]
[PlyCount "59"]

1. e4 e6 2. b3 d5 3. Bb2 dxe4 4. Nc3 Nf6 5. Qe2 Nc6 6. Nxe4 Nxe4 7. Qxe4 Bb4 8.
O-O-O f6 9. Bb5 Bd7 10. Bxc6 Bxc6 11. Qxb4 Bxg2 12. Ne2 Bxh1 13. Rxh1 Qd5 14.
Rg1 O-O-O 15. Bc3 Rhg8 16. Nf4 Qd7 17. Qc4 Rde8 18. Rg3 Qf7 19. Qa4 a6 20. Qd4
e5 21. Qa7 c6 22. Qa8+ Kc7 23. Ba5+ b6 24. Qa7+ Kc8 25. Qxf7 bxa5 26. Ne6 Kb8
27. Qc7+ Ka8 28. Qxc6+ Ka7 29. Nc5 Rb8 30. Qxa6# 1-0

[Event "Championnat de France - Open D"]
[Site "Belfort - SNPHHUATVS"]
[Date "2010.08.12"]
[Round "3.3"]
[White "Gobbe, David"]
[Black "Valentin, Olivier"]
[Result "1/2-1/2"]
[WhiteElo "1480"]
[BlackElo "1430"]
[PlyCount "95"]

1. e4 e5 2. f4 Nc6 3. Nf3 d6 4. Bc4 Nf6 5. Nc3 Be6 6. Bxe6 fxe6 7. d4 exd4 8.
Nxd4 Nxd4 9. Qxd4 Be7 10. Bd2 O-O 11. O-O-O c5 12. Qd3 Ng4 13. Qg3 Nf6 14. h4
h5 15. Rde1 Ng4 16. Nd1 b5 17. Qb3 Qd7 18. g3 a5 19. f5 c4 20. Qf3 b4 21. Bg5
e5 22. Ne3 Nxe3 23. Rxe3 g6 24. f6 Bd8 25. Qf1 Rc8 26. Rh2 Kf7 27. Qe2 Qa4 28.
a3 c3 29. g4 cxb2+ 30. Kb1 Rh8 31. Rhh3 hxg4 32. Rhg3 Bb6 33. Rb3 Bd4 34. Qa6
Qc6 35. Qxc6 Rxc6 36. axb4 Rhc8 37. Rg2 Bc3 38. bxa5 Rc4 39. Ra3 Rxe4 40. Rg1
Rcc4 41. Ka2 Bd4 42. Rb1 Rxc2 43. a6 Rc7 44. Rxb2 Ba7 45. Rb7 Rxb7 46. axb7 Bb8
47. Ra8 Bc7 48. Ra7 1/2-1/2

[Event "Championnat de France - Open D"]
[Site "Belfort - SNPHHUATVS"]
[Date "2010.08.12"]
[Round "3.4"]
[White "Sauvage, Thierry"]
[Black "Wozniak, Emeline"]
[Result "1-0"]
[WhiteElo "1466"]
[BlackElo "1420"]
[PlyCount "89"]

1. e4 d5 2. exd5 Qxd5 3. Nc3 Qd8 4. d4 Bf5 5. Nf3 Nf6 6. Bd3 Bxd3 7. Qxd3 e6 8.
Qb5+ Nc6 9. O-O Rb8 10. Re1 Be7 11. Bd2 O-O 12. Ne2 Ng4 13. c3 Bd6 14. Bf4 f5
15. Bxd6 cxd6 16. h3 Nf6 17. Nf4 Rf7 18. Rxe6 Ne4 19. Qd3 Qd7 20. Re1 Rbf8 21.
g3 Nd8 22. R6xe4 fxe4 23. Rxe4 g5 24. Nxg5 Re7 25. Qc4+ Kh8 26. Nfe6 Nxe6 27.
Nxe6 Rf6 28. d5 a6 29. Qe2 b5 30. f4 Qa7+ 31. Kg2 Qb7 32. Qd3 a5 33. Qd4 Rexe6
34. dxe6 Qe7 35. f5 Kg8 36. g4 Rf8 37. Kg3 Qc7 38. Kf3 Re8 39. Qd5 Qb6 40. e7+
Kg7 41. f6+ Kh8 42. Qf7 Rg8 43. e8=Q Qd8 44. Qxd8 Rxd8 45. Qg7# 1-0

[Event "Championnat de France - Open D"]
[Site "Belfort - SNPHHUATVS"]
[Date "2010.08.12"]
[Round "3.5"]
[White "Ottl, Eric"]
[Black "Leglise, Michel"]
[Result "1-0"]
[WhiteElo "1410"]
[BlackElo "1460"]
[PlyCount "103"]

1. e4 e5 2. Nf3 Nc6 3. Bc4 h6 4. d4 exd4 5. Nxd4 Nxd4 6. Qxd4 d6 7. O-O Be6 8.
Nc3 Bxc4 9. Qxc4 Nf6 10. Bf4 Nh5 11. e5 Nxf4 12. Qxf4 Qg5 13. Qf3 O-O-O 14.
Qxf7 Qe7 15. Qf5+ Kb8 16. e6 Qg5 17. Qf7 Qf6 18. Rfe1 Be7 19. Qxf6 gxf6 20. Re2
c6 21. Rd1 h5 22. Rd3 h4 23. Rf3 Rh5 24. h3 Re5 25. Kf1 Rxe2 26. Nxe2 d5 27.
Nf4 Rg8 28. Nh5 Rg6 29. Rf5 Rg5 30. Rxg5 fxg5 31. Ng7 Kc7 32. Nf5 Kd8 33. Ke2
Bf6 34. b3 b5 35. Kf3 a5 36. Kg4 a4 37. Kh5 Ke8 38. Kg6 Be7 39. Nxe7 Kxe7 40.
Kxg5 Kxe6 41. Kf4 c5 42. g3 hxg3 43. fxg3 c4 44. Ke3 Ke5 45. bxc4 bxc4 46. c3
d4+ 47. cxd4+ Kd5 48. h4 Ke6 49. Kd2 Kd5 50. Kc3 a3 51. h5 Ke6 52. Kxc4 1-0

[Event "Championnat de France - Open D"]
[Site "Belfort - SNPHHUATVS"]
[Date "2010.08.12"]
[Round "3.6"]
[White "Santacreu, Antoine"]
[Black "Belluire, Beatrice"]
[Result "1/2-1/2"]
[WhiteElo "1460"]
[BlackElo "1410"]
[PlyCount "54"]

1. e4 d5 2. exd5 Nf6 3. Nf3 Nxd5 4. d4 Bf5 5. Bd3 Bxd3 6. Qxd3 Nc6 7. O-O Qd7
8. a3 O-O-O 9. c4 Nf6 10. Rd1 e6 11. Nc3 Bd6 12. b4 h5 13. b5 Nxd4 14. Nxd4 Bc5
15. Qf3 Bxd4 16. Be3 e5 17. Ne2 Rhe8 18. Nxd4 exd4 19. Bxd4 Qe7 20. Bxf6 Rxd1+
21. Qxd1 Qxf6 22. Rc1 g6 23. c5 Rd8 24. Qb3 Rd2 25. Qe3 Qd4 26. Qe8+ Qd8 27.
Qxd8+ Kxd8 1/2-1/2

[Event "Championnat de France - Open D"]
[Site "Belfort - SNPHHUATVS"]
[Date "2010.08.12"]
[Round "3.7"]
[White "Finkel, Anne-Sophie"]
[Black "Hatrel, Arnaud"]
[Result "1-0"]
[WhiteElo "1390"]
[BlackElo "1455"]
[PlyCount "83"]

1. e4 e5 2. Nf3 Nc6 3. Bb5 Nf6 4. O-O d6 5. Re1 g6 6. c3 a6 7. Ba4 Bg7 8. d4 b5
9. Bb3 O-O 10. Bg5 Re8 11. Qd3 Na5 12. Bc2 c5 13. dxe5 dxe5 14. Qxd8 Rxd8 15.
Nxe5 Bb7 16. Nd2 h6 17. Be3 Re8 18. Nef3 Nxe4 19. Nxe4 Bxe4 20. Bxe4 Rxe4 21.
Bxc5 Rae8 22. Kf1 Nc4 23. Rab1 Bf6 24. Rxe4 Rxe4 25. Bd4 Bxd4 26. cxd4 Rf4 27.
b3 Rxf3 28. bxc4 Rc3 29. cxb5 axb5 30. Rxb5 Rc4 31. d5 Kf8 32. Ke1 Ke7 33. Kd2
Kd6 34. Ra5 Rd4+ 35. Ke3 Rc4 36. Kd3 Rb4 37. h3 h5 38. Ke3 Rc4 39. Kf3 g5 40.
Ra7 Rf4+ 41. Ke3 Kxd5 42. Ra5+ 1-0

[Event "Championnat de France - Open D"]
[Site "Belfort - SNPHHUATVS"]
[Date "2010.08.12"]
[Round "3.8"]
[White "Karsenty, Madeleine"]
[Black "Ragon, Philippe"]
[Result "1-0"]
[WhiteElo "1436"]
[BlackElo "1400"]
[PlyCount "54"]

1. d4 Nf6 2. Nf3 e6 3. e3 b6 4. Nbd2 Bb7 5. Bd3 c5 6. c3 d5 7. O-O Bd6 8. dxc5
bxc5 9. Qe2 O-O 10. e4 Bc7 11. e5 Nfd7 12. Re1 Nc6 13. Nf1 Ncxe5 14. Nxe5 Nxe5
15. Ba6 Bxa6 16. Qxa6 c4 17. Be3 Nd3 18. Re2 Bb6 19. b3 Bxe3 20. Nxe3 Nf4 21.
Rd2 Qf6 22. Qa5 cxb3 23. axb3 Rfc8 24. Rc2 Rxc3 25. Ng4 Qd4 26. Ne3 Rxc2 27.
Nxc2 Qb6 1-0

[Event "Championnat de France - Open D"]
[Site "Belfort - SNPHHUATVS"]
[Date "2010.08.12"]
[Round "3.9"]
[White "Camuzeaux, Jules"]
[Black "Georget, Rene"]
[Result "1-0"]
[WhiteElo "1430"]
[BlackElo "1270"]
[PlyCount "45"]

1. e4 Nc6 2. d4 e6 3. Bd2 Nxd4 4. Be3 Nc6 5. Nc3 Bb4 6. Qd2 Nge7 7. a3 Bxc3 8.
Qxc3 O-O 9. Nf3 Ng6 10. Bd3 d6 11. h4 Nce5 12. O-O-O Nxf3 13. gxf3 Ne5 14. Rdg1
f6 15. Rg3 Rf7 16. Rhg1 Kh8 17. Be2 c5 18. f4 Ng6 19. Bh5 f5 20. Rg5 Nxf4 21.
Bxf4 Rf6 22. Rxg7 Rf8 23. Rg8# 1-0

[Event "Championnat de France - Open D"]
[Site "Belfort - SNPHHUATVS"]
[Date "2010.08.12"]
[Round "3.10"]
[White "Jardin, Antoine"]
[Black "Faure, Baptiste"]
[Result "0-1"]
[WhiteElo "1370"]
[BlackElo "1460"]
[PlyCount "74"]

1. f4 d5 2. Nf3 Nf6 3. e3 Bf5 4. b3 e6 5. Bb2 Nbd7 6. Bb5 c6 7. Be2 Bd6 8. d3
Ng4 9. Qd2 Qb6 10. d4 Ndf6 11. Nc3 Bb4 12. Bd3 Ne4 13. Bxe4 Bxe4 14. a3 Bxc3
15. Bxc3 c5 16. dxc5 Qxc5 17. Nd4 Rc8 18. Bb4 Qc7 19. h3 Nf6 20. Rc1 a6 21. c4
e5 22. fxe5 Qxe5 23. O-O a5 24. cxd5 Rxc1 25. Rxc1 Kd7 26. Bxa5 Nxd5 27. Bc3
Qg3 28. Rf1 Bxg2 29. Rxf7+ Ke8 30. Rf2 Bxh3+ 31. Kh1 Nxc3 32. Nf5 Bxf5 33. Rxf5
Qh3+ 34. Kg1 Qxf5 35. Qxc3 Rf8 36. Qd2 Qf1+ 37. Kh2 Qf2+ 0-1

[Event "Championnat de France - Open D"]
[Site "Belfort - SNPHHUATVS"]
[Date "2010.08.13"]
[Round "4.1"]
[White "Rambeaux, Solene"]
[Black "Karsenty, Madeleine"]
[Result "1-0"]
[WhiteElo "1500"]
[BlackElo "1436"]
[PlyCount "87"]
[EventDate "2010.??.??"]

1. d4 d5 2. c4 e6 3. Nf3 Nf6 4. g3 c6 5. b3 Qa5+ 6. Bd2 Bb4 7. Bg2 Ne4 8. O-O
Nxd2 9. Nfxd2 O-O 10. a3 Nd7 11. Nf3 Nf6 12. Nbd2 Bxd2 13. Nxd2 Re8 14. Nf3 Qc7
15. Qc2 b6 16. e3 Ba6 17. Rac1 c5 18. Rfe1 Bb7 19. Qc3 dxc4 20. bxc4 Rac8 21.
Ne5 Bxg2 22. Kxg2 cxd4 23. exd4 Qb7+ 24. Nf3 Ne4 25. Qd3 Ng5 26. d5 Nxf3 27.
Qxf3 Qd7 28. Red1 Kf8 29. Rc2 exd5 30. Rxd5 Qa4 31. Rcd2 Qxc4 32. Rd7 a5 33.
R2d5 Qe4 34. Rxf7+ Kg8 35. Rdd7 Qxf3+ 36. Kxf3 Rc3+ 37. Kg2 Rec8 38. Rxg7+ Kf8
39. Rxh7 Kg8 40. Rde7 Kf8 41. Rb7 Rxa3 42. Rhd7 Ke8 43. Rh7 Rac3 44. Rh8# 1-0